Premier League Of Darts Players - Statistics

General Stats
  • This quiz has been taken 42 times
  • The average score is 26 of 50
Answer Stats
Answer Hint % Correct
Luke Littler 3 Appearances
100%
Luke Humphries 3 Appearances
97%
Michael Van Gerwen 14 Appearances
97%
Phil Taylor 13 Appearances
97%
Gerwyn Price 8 Appearances
93%
Jonny Clayton 4 Appearances
93%
James Wade 12 Appearances
87%
Josh Rock 1 Appearance
87%
Michael Smith 7 Appearances
87%
Peter Wright 11 Appearances
87%
Raymond Van Barneveld 14 Appearances
87%
Gary Anderson 11 Appearances
83%
Stephen Bunting 3 Appearances
83%
Gian Van Veen 1 Appearance
77%
Adrian Lewis 10 Appearances
70%
Nathan Aspinall 5 Appearances
70%
Rob Cross 6 Appearances
70%
Chris Dobey 2 Appearances
67%
Dimitri Van den Bergh 2 Appearances
63%
Simon Whitlock 6 Appearances
60%
Joe Cullen 1 Appearance
57%
Daryl Gurney 3 Appearances
47%
Glen Durrant 2 Appearances
47%
John Part 3 Appearances
47%
José de Sousa 1 Appearance
47%
William O'Connor 2020 Contender
47%
Kim Huybrechts 2 Appearances
43%
Wayne Mardle 4 Appearances
40%
Dennis Priestley 1 Appearance
37%
Fallon Sherrock 2020 Contender
37%
John Henderson 2019 & 2020 Contender
37%
Robert Thornton 3 Appearances
37%
Mark Webster 1 Appearance
33%
Mensur Suljovic 2 Appearances
33%
Mervyn King 2 Appearances
33%
Dave Chisnall 4 Appearances
30%
Peter Manley 4 Appearances
30%
Andy Hamilton 2 Appearances
27%
Colin Lloyd 3 Appearances
23%
Jelle Klaasen 2 Appearances
23%
Kevin Painter 1 Appearance
23%
Max Hopp 2019 Contender
23%
Mark Dudbridge 1 Appearance
20%
Jermaine Wattimena 2020 Contender
17%
Roland Scholten 3 Appearances
17%
Steve Lennon 2019 Contender
17%
Jeffrey de Zwaan 2019 & 2020 Contender
13%
Terry Jenkins 5 Appearances
13%
Wes Newton 2 Appearances
13%
Ronnie Baxter 2 Appearances
10%
No matching quizzes found
Score Distribution
Percent of People with Each Score
Percentile by Number Answered
Your Score History
You have not taken this quiz